Communication for work (Бичлэгийн дугаар. 146184)
| 000 -УДИРДЛАГА | |
|---|---|
| Удирдлага | 00794nam a22002897a 4500 |
| 003 - ХЯНАЛТЫН ТОО ТОДОРХОЙЛОГЧ | |
| Код | MN-UlNUM |
| 005 - БИЧИЛТ ХИЙСЭН ОГНОО | |
| Тухайн бичилтийг бичсэн засварласан сүүлийн огноо | 20260115171157.0 |
| 008 - ЕРӨНХИЙ МЭДЭЭЛЭЛ | |
| Ерөнхий мэдээлэл | 260114s1998 nyu||||| |||| 00| 0 eng | |
| 020 ## - ISBN | |
| ISBN | 0435455427 |
| 040 ## - БИЧЛЭГ ҮҮСГЭГЧ БАЙГУУЛЛАГА | |
| Бичлэг үүсгэгч номын сангийн код | МУИС-ийн номын сан |
| 084 ## - ББК АНГИЛАЛ | |
| Нэмэлт тусгалт | Бусад |
| ББК ангилал | 65.050.2 |
| Зохиогчийн гурван тэмдэгт | C 21 |
| Мэдлэгийн ялгаа | 65 - Эдийн засаг |
| 100 1# - ЗОХИОГЧ | |
| Зохиогчийн нэр | Carysforth Carol |
| 245 10 - ҮНДСЭН ГАРЧИГ | |
| Номын нэр | Communication for work |
| 260 ## - ГАРАЛТЫН МЭДЭЭ | |
| Хэвлэгдсэн газар | Chicago : |
| Хэвлэлийн газар | Heinemann education publishing, |
| Хэвлэгдсэн он | 1998 |
| 300 ## - МАТЕРИАЛЫН ТОДОРХОЙЛОЛТ | |
| хуудасны тоо | 314p. : |
| 500 ## - Тайлбар | |
| Дансны дугаар | БС 4984 |
| 546 ## - ХЭЛНИЙ ТУХАЙ МЭДЭЭ | |
| Хэл | Англи хэл дээр, |
| 653 ## - Түлхүүр үг | |
| Түлхүүр үг | memos |
| 653 ## - Түлхүүр үг | |
| Түлхүүр үг | business meeting |
| 653 ## - Түлхүүр үг | |
| Түлхүүр үг | graphical images |
| 740 ## - НОМЫН ГАРЧИГ | |
| Гарчиг | In the Spotlight: Communication at Work |
| 740 ## - НОМЫН ГАРЧИГ | |
| Гарчиг | In the Spotlight: Business Letters |
| 740 ## - НОМЫН ГАРЧИГ | |
| Гарчиг | In the Spotlight: Memos |
| 740 ## - НОМЫН ГАРЧИГ | |
| Гарчиг | In the Spotlight: Using the Telephone |
| 942 ## - ЭЛЕМЕНТИЙН ТӨРӨЛ | |
| Зүйлийн төрөл | Ном |
